00511nam a2200169Ia 4500100001200000650001900012942000700031366000700038654002100045245003200066260002600098082001400124300000900138546002400147999001700171952015300188 aKOGENT  aWeb technology cBK f25 aweb technolgoies aweb technologies black book bDreamtech Pressc2010 a4.65bWEB a1354 aENGLISHcPAMPHALETS c27444d27444 001040708CRCaCRCEbCRCEd2023-03-17eProfessional Book House.g524.25i173 dt 08/11/2010l0o4.65 WEBp21188r2023-03-17v699.00w0000-00-00yBK